MDQL
is popping MORE tags! Check the
thread
!
Quizzes
Events
Quiz Creation
Community
Videos
Private Events
Remove Ads
Sign In
Join for FREE
Feedback
Dark Mode
Quiz Categories
Sports
Geography
Music
Movies
Television
Just For Fun
Miscellaneous
History
Literature
Language
Science
Gaming
Entertainment
Religion
Holiday
For Kids
Quiz Lab
Recent
Popular Today
Quiz Kudos Today
Editor Picks
Curator Picks
Quizzes by...
Day
Popularity
Type
Ratings
Length
Year
Community
Subscriptions
Recent Discussions
Orange Saloon
Badges
Playlists
Quests
Create
Leaderboards
Showdown
Live 5
Trivia Bingo
Activity
Puzzle Library
Sporcle Events
Private Events
Virtual Trivia
Globe League
Become a Host
Pub Owners
SporcleCon
Opinionation
Our Games
Videos
Blog
Mobile Apps
Partnerships
Remove Ads and Go Orange
Feedback
Sports
Athletes
MLB
NBA
NHL
NFL
Soccer
Sports Teams
WWE
NCAA
Football
Premier League
Basketball
Baseball
Hockey
Golf
Tennis
Cricket
Rugby
Auto Racing
Olympics
World Cup
Sports
Athletes
MLB
NBA
NHL
NFL
Soccer
Sports Teams
WWE
NCAA
Football
Premier League
Basketball
Baseball
Hockey
Golf
Tennis
Cricket
Rugby
Auto Racing
Olympics
World Cup
Random Quiz
Search Sporcle
×
Quiz Lab
Quiz Lab
Sports
Basketball
Type in answers that appear in a list
Type in answers that appear in a list
Classic
Best Score? Go Orange.
NBA Top 50 Scrambled Stats
Can you name the NBA's top 50 players scrambled?
By
Sixtytwobobs
10m
50 Questions
144 Plays
144 Plays
144 Plays
Comments
Comments
Give Quiz Kudos
Give Quiz Kudos
-
- Ratings
hide this ad
More Info
Forced Order
Answers have to be entered in order
Answers have to be entered in order
Random Order
Randomize order of answers
Randomize order of answers
Replay
Link that replays current quiz
Next Quiz
Link to next quiz in quiz playlist
You Got
0%
They Got
Avg Score
74%
Avg Friend Score
Upgrade to see
Score Distribution
Jump to the score distribution portion of the page
Score
0/50
Timer
10:00
0
Plays Today
Scramble
Name
% Correct
Nojh Socktont
John Stockton
89.6%
Twil Lechambrain
Wilt Chamberlain
88.2%
Hicamel Ordajn
Michael Jordan
88.2%
Bbo Tiptet
Bob Pettit
86.1%
Nojh Khavlice
John Havlicek
85.4%
Yerjr Stew
Jerry West
85.4%
Aved Gnib
Dave Bing
84.7%
Tlaw Ifrazer
Walt Frazier
84.7%
Tetiosc Pppine
Scottie Pippen
84.7%
Cirk Brayr
Rick Barry
84%
Obb Uscoy
Bob Cousy
84%
Rylar Drib
Larry Bird
83.3%
Lah Grere
Hal Greer
83.3%
Swilli Ered
Willis Reed
83.3%
Jusuli Griven
Julius Erving
82.6%
Lark Oleman
Karl Malone
82.6%
Regego Mkain
George Mikan
82.6%
Decyl Lerrdex
Clyde Drexler
81.3%
Mas Jeson
Sam Jones
81.3%
Smose Lanome
Moses Malone
81.3%
Eekham Uloonjaw
Hakeem Olajuwon
81.3%
Tepe Chiamarv
Pete Maravich
79.9%
Ews Dunles
Wes Unseld
79.9%
Esjam Thowry
James Worthy
78.5%
Gamic Hjnoons
Magic Johnson
77.8%
Scramble
Name
% Correct
Yerrj Scalu
Jerry Lucas
77.8%
Llbi Lantow
Bill Walton
77.8%
Geegor Reving
George Gervin
76.4%
Citpark Gwein
Patrick Ewing
75%
Merake Dubbarajlab
Kareem Abdul-Jabbar
73.6%
Lilb Sellsur
Bill Russell
73.6%
Shaii Amoths
Isiah Thomas
71.5%
Borret Isharp
Robert Parish
70.8%
Vinle Shaye
Elvin Hayes
69.4%
Vekin Lecham
Kevin McHale
67.4%
Real Mooner
Earl Monroe
66.7%
Etan Childbraa
Nate Archibald
65.3%
Vidda Biosnorn
David Robinson
64.6%
Iblyl Chuamanning
Billy Cunningham
63.9%
Rasco Tenbroors
Oscar Robertson
63.2%
Schlaer Byelark
Charles Barkley
62.5%
Libl Marshan
Bill Sharman
61.1%
Nynle Swinkle
Lenny Wilkens
61.1%
Plodh Yassech
Dolph Schayes
60.4%
Deva Sconew
Dave Cowens
59.7%
Ulap Raizin
Paul Arizin
58.3%
Vead Duschessbeer
Dave DeBusschere
56.9%
Quailshel Alone
Shaquille O'Neal
56.9%
Neat Mothdrum
Nate Thurmond
54.2%
Leing Roblay
Elgin Baylor
50%
Quiz Playlist
Details
Report
Send in Message
Add To Playlist
More Info:
Remember this list is as of 1996, so don't expect Kobe or LeBron.
Classic:
Type in answers that appear in a list
Forced Order:
Answers have to be entered in order
Random Order:
Randomize order of answers
Quiz Source
Last Updated: Feb 16, 2017
Quiz Scoreboard
CHALLENGE
Sign Up to Join the Scoreboard
Show All
Scores
Hide
Comments
May contain spoilers
Recently Published
Two Season TV Shows II
by 123Four
Television
10m
Image Sorting: Flags VI
by Barbecue
Geography
2m
Find the 'City' Movie
by crazypaving
Movies
60s
More to Explore
Quiz From the Vault
Featured Blog Post
14 Easter Pick-up Lines to Find Eggs With
hide this ad
You Might Also Like...
Tags
Basketball Quiz
NBA Quiz
Player
scramble
Today's Top Quizzes in Sports
Browse Sports
hide this ad
Today's Top Quizzes in Basketball
Browse Basketball
Top Contributed Quizzes in Sports
1
Les meilleurs buteurs des matchs entre le PSG et l’OM
2
Les entraîneurs de l'OM et du PSG au 21e siècle
3
2022 World Cup Stars
4
Les joueurs passés par le PSG et l'OM
5
Players with Multiple 50 Home Run Seasons
6
Criteria MLB: Left Handed Sluggers
7
FIFA Club World Cup Champions
8
Les joueurs passés par le LOSC et le RC Lens
9
NBA Logic Puzzle 2.0
10
Top 10 NHL Goal Scorers of All Time
Explore More
Trending Topics
Kpop
Disney
Crossword
NBA
Harry Potter
Marvel
Anime
Soccer
The Office
Song
NFL
WWE
Pokémon
Puzzle
Country
hide this ad
More By:
Sixtytwobobs
Quiz
Plays
Rating
Category
Featured
Created
Sacramento Kings All-Time Leaders
39,440
4.34
Sports
Jun 27, 2010
NBA Player's Career Teams
6,789
3.67
Sports
May 26, 2011
NBA Last Names
6,631
4.07
Sports
Apr 23, 2011
College's NBA Top 5
3,179
3.90
Sports
May 31, 2011
Sports Nicknames
2,482
2.47
Sports
May 29, 2012
Go to Creator's Profile
Score Distribution
Quiz Creator Spotlight
Sixtytwobobs
Follow
Send a Message
Quizzes Created
-
Created Quiz Play Count
-
More By This Creator
Popular Quizzes Today
1
Colored Red Africa Blitz
2
Find the US States - No Outlines Minefield
3
Find the 'City' Movie
4
5x2 Blitz: Bands
5
The Countries of the World
6
Find the US States
7
Find the Countries of Europe - No Outlines Minefield
8
US States
More Sports Quizzes
Dallas Mavericks MVP Votes
Published
Trending Quizzes
Colored Red Europe Blitz I
Colored Red Africa Blitz II
Colored Red Europe Blitz II
Colored Red Africa Blitz III
Colored Red Europe Blitz III
Recently Updated
How Do You Spell That?
pecheneg
Godzilla Movies
pecheneg
Grab Bag: 4-10 Letters
pecheneg
2024 March Madness Bracket
pecheneg
Famous TV Couples
Peacemaker
Champions League XIs: Real Madrid
pecheneg
Largest US Cities 1790-2010
pecheneg
Rides in Walt Disney World
pecheneg
Most Oscar Losses (Acting)
pecheneg
Beyoncé Albums
pecheneg
Trending Topics
Anime
Harry Potter
Disney
Crossword
Kpop
NBA
Marvel
WWE
Puzzle
The Office
Soccer
NFL
Song
Pokémon
Country
Your Account Isn't Verified!
In order to create a playlist on Sporcle, you need to verify the email address you used during registration. Go to your
Sporcle Settings
to finish the process.
Report this User
Report this user for behavior that violates our
Community Guidelines
.
Details:
Send Report
Go to the Sporcle.com Mobile Site →
Comments